1048 1601 1771 1369 1579 1013 1715 1628 1383 1493 1820 1344 1685 1844 1561 1675 1538 1711 1290 1844 1306 1820 1042 1096 1543 1433 1503 1935 1905 1343 1987 1073 1293 1833 1866 1452 1534 1192 1719 1002 1878 1625 1213 1568 1337 1583 1930 1847 1441 1807 1356 1477 1531 1467 1958 1511 1906 1215 1694 1236 1694 1354 1476 1846 1882 1223 1911 1128 1370 1691 1064 1162 1336 1089 1160 1061 1145 1476 1617 1538 1975 1736 1462 1327 1460 1160 1219 1495 1701 1586 1911 1715 1064 1676 1513 1179 1975 1373 1781 BCNSPRNW ULIB Ver.6.0+V

เปลี่ยนเป็นภาษาไทย

Change to English
 แสดงรายละเอียดบรรณานุกรม
  กลับหน้าหลัก

Brief Record : Get Marc (ISO 2709) : E-mail record : QR code < ปิดหน้าต่าง
LEADER : 00000nam 2200000uu 4500
001    13399123842
003     ULIB
008    141204s2556||||th 000 0 tha d
020    ^a9786169160908
060  4 ^aWS200^bU549
110 1  ^aสมาคมโรคติดเชื้อในเด็กแห่งประเทศไทย
245 00 ^aUpdate on pediatric infectious diseases 2013 /^cพิรังกูร เกิดพาณิช, วีระชัย วัฒนาวีรเดช, ทวี โชติพิทยสุนนท์ บรรณาธิการ
250    ^aพิมพ์ครั้งที่ 1
260    ^aกรุงเทพฯ :^bสมาคมโรคติดเชื้อในเด็กแห่งประเทศไทย,^c2556.
300    ^aviii, 306 หน้า :^bภาพประกอบ
505 0  ^a-- ASEAN Dengue Vaccination Advocacy -- Human Immonudeficiency Vurus Update -- Diagnostic Tests: Practical Issues in Infectious Diseases -- Approach to Prolonged Fever -- Enteric Fever -- Combating Multi-Drug Resistant Gram Negative Bacteria -- การใช้ยาปฏิชีวนะในผู้ป่วยนอก Accute Bacterial Rhinosinusitis -- Multidrug Resistant Gram Negative Bacteria -- การเลือกใช้ยาปฏิชีวนะในเด็กที่มีภาวะ Sepsis -- การดูแลรักษาโรคดื้อยาหลายขนาน (MDR-TB) ในเด็ก
505 0  ^a-- ทุเบอร์คุลิน 2556 -- Tuberculosis : Infection Control -- Mycoplasma pneumoniae Infection - Influenza Update -- Respiratory Syncytial Virus Update -- Update Prevention and Management of Hepatitis B Virus Infection -- Frequently Asked Questions for EPI Vaccines -- Non EPI Vaccine -- วัคซีน: เรื่องที่น่าสนใจในรอบปีที่ผ่านมา -- Update Management in Urinary Tract Infection
505 0  ^a-- Clinical Practice Guideline of Acute Meningoencephalitis -- Management of Febrile Neutropenia in Children with Cancer -- Management of Severe Sepsis and Septic Shock -- Sepsis -- การสื่อสารสำหรับผู้ป่วยวิกฤติ -- Spot Diagnosis
650  7 ^aโรคติดเชื้อ^xในวัยทารกและเด็ก
650  7 ^aโรคติดต่อ^xในวัยทารกและเด็ก
650  7 ^aเด็ก^xโรค^xการรักษา
700 0  ^aทวี โชติพิทยสุนนท์,^eบรรณาธิการ
700 0  ^aวีระชัย วัฒนาวีรเดช,^eบรรณาธิการ
700 0  ^aพิรังกูร เกิดพาณิช,^eบรรณาธิการ
945    ^p450^l0^i22357
945    ^p450^l0^i22358
999    ^aทศพร เกษรทอง
รายการนี้ยังไม่มีแท็ก
คุณยังไม่ได้ล็อกอิน คุณสามารถมีกิจกรรมร่วมกับเว็บไซต์ได้ แต่ต้องล็อกอินก่อน ::
  ล็อกอิน

รายการสื่อสารสนเทศ

ลำดับที่ ประเภท เลขเรียก/บาร์โค้ด สถานที่ สถานะ
1. วิทยาศาสตร์การแพทย์ และสุขภาพ
หนังสือสำรอง
สถานะ=หนังสือสำรอง
WS200 U549 ฉ.1 
  Barcode: 22357
ห้องสมุดวิทยาเขตนครสวรรค์
►หนังสือทั่วไป:l:General Books
บนชั้น
2. วิทยาศาสตร์การแพทย์ และสุขภาพ
วิทยาศาสตร์การแพทย์ และสุขภาพ
WS200 U549 ฉ.2 
  Barcode: 22358
ห้องสมุดวิทยาเขตนครสวรรค์
►หนังสือทั่วไป:l:General Books
บนชั้น

BibComment


ยังไม่เคยถูกคอมเมนท์

คอมเมนท์ทรัพยากรรายการนี้
  คอมเมนท์: Update on pediat..


 Copyright 2026. Bcnsprnw @Library